000 nam a22 7a 4500
999 _c8266
_d8266
008 171213b xxu||||| |||| 00| 0 eng d
100 _94688
_aSHARMA.K
245 _aENGLISH COMMUNICATIVE EXAM GUR-IX
260 _aNEW DELHI
_bFULL MARK
_c2017-18